| 000 | 00000nam##2200000za#4500 |
| 001 | 9.648346 |
| 003 | CaOODSP |
| 005 | 20210615113042 |
| 007 | ta |
| 008 | 150407|2001||||xxc||||| f|0| 0 eng|d |
| 020 | |a0-662-31110-8 |
| 040 | |aCaOODSP|beng |
| 043 | |an-cn--- |
| 086 | 1 |aH21-183/2001E |
| 110 | 1 |aCanada.|bHealth Canada. |bHealth Policy and Communications Branch. |
| 245 | 10|aFederal/Provincial/Territorial Early Childhood Development Agreement : |breport on government of Canada activities and expenditures 2000-2001 / |cCo-published by Health Canada, Human Resources Development Canada, and Indian and Northern Affairs Canada. |
| 260 | |aOttawa - Ontario : |bHealth Canada. |c2001. |
| 300 | |a53p. : |btables ; |c28 cm. |
| 500 | |aCo-published by Health Canada, Human Resources Development Canada, and Indian and Northern Affairs Canada. |
| 563 | |aSoftcover |
| 590 | |a01-48|b2001-11-30 |
| 690 | 07|aFederal provincial agreements|2gcpds |
| 690 | 07|aFederal territorial agreements|2gcpds |
| 690 | 07|aChildhood|2gcpds |
| 690 | 07|aChild development|2gcpds |
| 775 | 08|tEntente fédérale-provinciale-territoriale sur le développement de la petite enfance : |w(CaOODSP)9.681643 |
| 776 | 0#|tFederal/Provincial/Territorial Early Childhood Development Agreement |w(CaOODSP)9.696353 |